States with Highest Trump Support - Statistics

General Stats
  • This quiz has been taken 45 times
  • The average score is 8 of 10
Answer Stats
# State % Correct
5 Alabama
88%
9 Kentucky
83%
4 South Dakota
80%
3 Wyoming
80%
2 North Dakota
78%
1 West Virginia
78%
7 Idaho
76%
8 Montana
73%
6 Oklahoma
73%
10 Tennessee
63%
No matching quizzes found
Score Distribution
Percent of People with Each Score
Percentile by Number Answered
Your Score History
You have not taken this quiz